Sociedades y asociaciones civiles 2019

Bibliographic Details
Main Author: Domn̕guez Orozco, Jaime
Other Authors: Resňdiz Nn︢ez, Cuauhtm̌oc
Format: eBook
Language:Spanish
Published: Ciudad de Mx̌ico: Ediciones Fiscales ISEF, 2019
Subjects:
Online Access:Acceso restringido

MARC

LEADER 00000nam a22000007a 4500
005 20190613004139.0
007 cr|||| ||||
008 190613s2019 mx |||||s|||| 00||0 spa d
020 |a 978-607-541-108-8 
035 |a 23111 
040 |a vLex 
090 |c 8875  |d 8875 
100 1 |a Domn̕guez Orozco, Jaime 
245 1 0 |a Sociedades y asociaciones civiles 2019  |h [Recurso electrn̤ico] /  |c Jaime Domn̕guez Orozco, Cuauhtm̌oc Resňdiz Nn︢ez 
256 |a Servicio en ln̕ea 
260 |a Ciudad de Mx̌ico:  |b Ediciones Fiscales ISEF,  |c 2019 
300 |a 1 recurso electrn̤ico 
506 1 |a Disponible solo en los productos indicados  |d vLex Global  |d vLex Global (Academic Edition, excluding Law Schools)  |d vLex Global (U.S. Academic Edition, Law Schools)  |d vLex Global (U.S. Academic Edition, excluding Law Schools)  |d vLex Global (Academic Edition, Law Schools) 
650 0 4 |a Derecho Fiscal  |z Mx̌ico 
700 1 |a Resňdiz Nn︢ez, Cuauhtm̌oc 
740 0 |a vLex Libros (Servicio en ln̕ea) 
856 4 0 |u http://vlex.com/source/sociedades-y-asociaciones-civiles-2019-23111  |z Acceso restringido 
942 |c BOOK 
999 0 |a Tax Law